Statistics for Times Tables - 5x

Click here to take the quiz!

General Stats

  • This quiz has been taken 61 times
  • The average score is 12 of 12

Answer Stats

EquationAnswer% Correct
1x55
100%
2x510
98%
3x515
98%
4x520
98%
5x525
98%
8x540
98%
9x545
98%
10x550
98%
11x555
98%
12x560
98%
6x630
96%
7x535
96%

Score Distribution

Percentile by Number Answered

Percent of People with Each Score

Your Score History

You have not taken this quiz